Word families Grades K-2 : (Record no. 112538)
[ view plain ]
| 000 -LEADER | |
|---|---|
| fixed length control field | 00405nam a2200133 a 4500 |
| 005 - DATE AND TIME OF LATEST TRANSACTION | |
| control field | 20140414131939.0 |
| 008 - FIXED-LENGTH DATA ELEMENTS--GENERAL INFORMATION | |
| fixed length control field | 110125s19uu xx 00 eng d |
| 050 ## - LIBRARY OF CONGRESS CALL NUMBER | |
| Classification number | TR 428.1 |
| Item number | On4 2004 |
| 100 ## - MAIN ENTRY--PERSONAL NAME | |
| Personal name | Onish, Liane |
| 245 ## - TITLE STATEMENT | |
| Title | Word families Grades K-2 : |
| Remainder of title | 15 fun & easy reproducible games that build fundamental reading skills. |
| 440 ## - SERIES STATEMENT/ADDED ENTRY--TITLE | |
| Title | Reading skills card games |
| Withdrawn status | Lost status | Damaged status | Home library | Current library | Shelving location | Date acquired | Total Checkouts | Full call number | Barcode | Date last seen | Price effective from | Koha item type |
|---|---|---|---|---|---|---|---|---|---|---|---|---|
| Munich Library | Munich Library | Teachers Reference Section | 01/25/2011 | TR 428.1 On4 2004 | M3873 | 04/14/2014 | 04/14/2014 | Books | ||||
| Munich Library | Munich Library | Teachers Reference Section | 01/25/2011 | TR 428.1 On4 2004 | M3887 | 04/14/2014 | 04/14/2014 | Books |